CHAVS: la demonización de la clase obrera
保存先:
| 第一著者: | |
|---|---|
| フォーマット: | 図書 |
| 言語: | スペイン語 |
| 出版事項: |
Madrid
Capitán Swing Libros S. L
2012
|
| シリーズ: | Colección Entrelíneas
|
| 主題: | |
| タグ: |
タグ追加
タグなし, このレコードへの初めてのタグを付けませんか!
|
MARC
| LEADER | 00000cam a2200000 a 4500 | ||
|---|---|---|---|
| 001 | UCF9711 | ||
| 003 | CL-VaPUC | ||
| 008 | 131206e20120000sp |||||||||||||||||spa|d | ||
| 020 | |a 9788494027970 | ||
| 082 | 0 | 4 | |a 305.93317 |b JON |2 21 |
| 100 | 0 | |a Jones, Owen |e author |9 572093 | |
| 245 | 1 | 0 | |a CHAVS: la demonización de la clase obrera |
| 300 | |a 350 p | ||
| 942 | |c BK | ||
| 945 | |d 20131206 11:14:00 |a dcastane | ||
| 260 | |a Madrid |b Capitán Swing Libros S. L |c 2012 | ||
| 650 | 0 | |a Clase obrera |9 317035 | |
| 650 | 0 | |a Trabajadores |9 260887 | |
| 650 | 0 | |a Aspectos sociales |9 254894 | |
| 650 | 0 | |a Clases sociales |9 256858 | |
| 651 | 7 | |a REINO UNIDO |2 CL-VaPUC |9 388523 | |
| 583 | |a last modification |c 20131206 11:14:00 |k Rodrigo Vera | ||
| 490 | 0 | |a Colección Entrelíneas | |
| 999 | |c 354124 |d 354122 | ||
| 952 | |0 0 |1 0 |3 erb |4 0 |6 305_933170000000000_JON_2012 |7 0 |8 A |9 459784 |a BIBDER |b BIBDER |i 5032148 |o 305.93317 JON 2012 |p 5032148 |r 2023-01-25 |w 2019-11-23 |y BK |z Catalogado en:20131206 |k DER | ||